Statistics for Spongebob Quiz

Click here to take the quiz!

General Stats

  • This quiz has been taken 1,345 times
  • The average score is 7 of 10

Answer Stats

Hint Answer % Correct
What animal is Pearl?Whale
94%
What colour is Plankton?Green
90%
What does Mr Krabs live in?Anchor
89%
What is Mr Krabs' first name?Eugene
84%
What is Spongebob's job at the Krusty Krab?Fry cook
82%
Who is Mermaid Man's sidekick?Barnacle Boy
81%
What is Plankton's first name?Sheldon
73%
Who did Mr Krabs fall in love with?Mrs Puff
73%
Who does the voice of Spongebob?Tom Kenny
40%
What is Spongebob's short cousin called?Blackjack
25%

Score Distribution

Percentile by Number Answered

Percent of People with Each Score

Your Score History

You have not taken this quiz